000 00691nam a2200229Ia 4500
005 20250508165231.0
008 008 250505s9999 xx 000 0 eng d
020 _a978-1-118-34632-7
037 _aReference
040 _aFEDL
_beng
_cFEDL
041 _aeng
_2eng
084 _a371.9, SMI/RR
_qFEDL
100 _aSmith Tom E C
_9780230
245 0 _aTeaching students with special needs in inclusive settings
250 _a6
260 _aNew Jeresy, USA
_bPearson Education, Inc.
_c2012
300 _axx, 581p.
365 _aUSD
_b143
700 _a Polloway Edward A Patton James R and others
_9780231
942 _cREF
_h371.9, SMI/RR
999 _c1393967
_d1393967